[Event "Toronto Canada Day op"]
[Site "Toronto"]
[Date "2007.07.02"]
[Round "5"]
[White "Armstrong, Robert J"]
[Black "Kurbatov, Misha"]
[Result "1-0"]
[WhiteElo "1799"]
[BlackElo "1367"]
[PlyCount "61"]
[EventDate "2007.06.30"]
[EventType "swiss"]
[EventRounds "6"]
[EventCountry "CAN"]
[SourceTitle "EXT 2022"]
[Source "ChessBase"]
[SourceDate "2021.10.06"]
[SourceVersion "1"]
[SourceVersionDate "2021.10.06"]
[SourceQuality "1"]

1. d4 e6 2. c4 Nf6 3. Nf3 Bb4+ 4. Bd2 Bxd2+ 5. Qxd2 Ne4 6. Qc2 d5 7. e3 b6 8. Nbd2 Nxd2 9. Nxd2 Bb7 10. Be2 Qg5 11. Rg1 0-0 12. Qc3 dxc4 13. a4 c6 14. b3 cxb3 15. a5 Bc8 16. Bd3 c5 17. dxc5 Qxc5 18. Rc1 Nd7 19. f4 Qe5 20. Be2 Qg5 21. Nf3 Qf6 22. h4 Ne5 23. g4 h5 24. Qxb3 Nd3+ 25. Kd2 Re8 26. gxh5 b5 27. e4 b4 28. Rce1 Rd8 29. h6 Nf2+ 30. Qd3 Re8 31. Ra1 1-0